Využívanie metódy spin-off prospieva k vyššej efektívnosti a ziskovosti
Vyčlenenie malých a stredných podnikov z veľkých štátnych a privatizovaných firiem. Aktivity projektu spin-off.
Salvato in:
| Autore principale: | |
|---|---|
| Natura: | Libro |
| Lingua: | slovacco |
| Soggetti: | |
| Tags: |
Nessun Tag, puoi essere il primo ad aggiungerne!!
|
MARC
| LEADER | 00000nam a2200000 4500 | ||
|---|---|---|---|
| 001 | r030994 | ||
| 005 | 20230921082006.8 | ||
| 041 | 0 | |a slo | |
| 044 | |a SK | ||
| 245 | 1 | 0 | |a Využívanie metódy spin-off prospieva k vyššej efektívnosti a ziskovosti |c Mária Košťálová-Mošková |
| 520 | |a Vyčlenenie malých a stredných podnikov z veľkých štátnych a privatizovaných firiem. Aktivity projektu spin-off. | ||
| 610 | 2 | 0 | |a firmy |
| 610 | 2 | 0 | |a efektívnosť ekonomická |
| 610 | 2 | 0 | |a zisk podnikateľský |
| 610 | 2 | 0 | |a podpora podnikania |
| 610 | 2 | 0 | |a PHARE |
| 610 | 2 | 0 | |a metóda spin-off |
| 100 | 1 | |a Košťálová-Mošková, Mária | |